Statistiken für Ewigentabelle Schweizer Super League

Klicken Sie hier um das Quiz zu spielen!

Allgemein

  • Dieses Quiz wurde 254 mal gespielt
  • Das Durchschnittsergebnis liegt bei 9 aus 30

Antwortstatistiken

RangPunkteMannschaft% Korrekt
34445FC Basel
95%
54117FC Zürich
89%
92298FC Luzern
64%
72681FC St.Gallen
63%
102235FC Sion
62%
82446FC Lugano
57%
23703FC Thun
53%
24597BSC Young Boys
49%
131695FC Aarau
47%
15103Grasshopper Club Zürich
44%
171035FC Winterthur
34%
121733Neuchâtel Xamax
31%
63733FC Lausanne-Sport
30%
44296Servette FC
29%
181005AC Bellinzona
26%
19919FC Bern
18%
112164FC La Chaux-de-Fonds
16%
28395FC Locarno
14%
21800FC Chiasso
13%
161182FC Grenchen
12%
27479FC Fribourg
6%
20818FC Nordstern Basel
5%
25612BSC Old Boys
4%
141528FC Biel-Bienne
4%
151432FC Young Fellows Zürich
3%
22770Cantonal Neuchâtel
2%
24630Urania Genève Sport
2%
29386FC Blue Stars Zürich
1%
30381SC Brühl St. Gallen
1%
26545étoile-sporting La Caux-de-Fonds
0%

Verteilung der Resultate

Perzentil nach korrekt beantworteten Fragen

Anzahl Personen mit jedem Resultat

Ihre Resultats-Entwicklung

Sie haben dieses Quiz noch nicht gespielt